Champions League Teilnehmer 2021/22 - Statistiken

Allgemein
  • Dieses Quiz wurde 2.233 mal gespielt
  • Das Durchschnittsergebnis liegt bei 23 aus 32
Antwortstatistiken
Gruppe
Verein
% Korrekt
E FC Bayern München
99%
C Borussia Dortmund
98%
A Manchester City
96%
D Real Madrid
96%
E FC Barcelona
95%
A Paris Saint-Germain
94%
A RB Leipzig
93%
B FC Liverpool
91%
D Inter Mailand
91%
F Manchester United
91%
H FC Chelsea
87%
H Juventus Turin
86%
C Ajax Amsterdam
83%
B Atlético Madrid
83%
E Benfica Lissabon
78%
B FC Porto
73%
C Sporting Lissabon
70%
G FC Sevilla
67%
G RB Salzburg
67%
F FC Villareal
65%
G VfL Wolfsburg
64%
B AC Mailand
63%
G OSC Lille
63%
A FC Brügge
59%
F Atalanta Bergamo
55%
C Beşiktaş Istanbul
55%
F BSC Young Boys
53%
E Dynamo Kiew
52%
D Schachtar Donezk
52%
D Sheriff Tiraspol
52%
H Zenit St. Petersburg
41%
H Malmö FF
35%
Keine übereinstimmenden Quizze gefunden
Verteilung der Resultate
Anzahl Personen mit jedem Resultat
Perzentil nach korrekt beantworteten Fragen
Ihre Resultats-Entwicklung
Sie haben dieses Quiz noch nicht gespielt